000 00732nam a2200265Ia 4500
001 39326
005 20240114002048.0
007 ta
008 070818s1905 g b000 u 098 u
040 _aCotton College Assam
041 _a098
082 _a297
_bZa 264 Bu
100 _aZabbar, Mohd.Abdul .
245 0 _aBurahein Ul Qatiah /
_cMohd.Abdul Zabbar.
_hTextual Documents
250 _a1st ed. /
260 _aDelhi :
_bNaryan Das Jangalee ,
_c1905.
300 _a31p. ;
_c24cm.
500 _aCombined two books Burahein Ul Qatiah & Tariqayan Mulad Sharif
653 _aIslamic Miscell
653 _aG-Arabic & Persian
942 _2ddc
_cBK
999 _c39298
_d39298